| 000 | 00430nam a22001697a 4500 | ||
|---|---|---|---|
| 999 |
_c526848 _d526848 |
||
| 003 | NUST | ||
| 038 | _awaseem | ||
| 082 |
_a891.4911 _bAZA |
||
| 100 |
_aAzam Chishti _917841 |
||
| 245 |
_aUnaindry / _cAzam Chishti |
||
| 260 |
_aLahore : _bKhazena Ilm o adab, _c2000. |
||
| 300 | _a128 p. ; | ||
| 500 | _aHardcover | ||
| 880 |
_6100-01\r _aمحمد اعظم چشتی |
||
| 880 |
_6245-02\r _aاُنیندرے / |
||
| 942 |
_2ddc _cBK |
||